LEADER 01241nam a2200289 i 4500 001 000000159333 003 CaOOAMICUS 005 20070226000000.0 008 070226s1978 it u000 u ita u 013 $a136696 040 $aSeMil$bita 100 1 $aMasson, Georgina.$0(OLS)http://semarc/name/41773 240 10$aFrederick 2. of Hohenstauten.$0(OLS)http://semarc/title/141258 245 10$aFederico 2. di Svevia /$cGeorgina Masson ; Traduzione dall'inglese di Luisa Theodoli Quintavalle. 260 $aMilano :$bRusconi,$c1978. 300 $a457 p., [11] p. di tav. :$bill. ;$c22 cm. 490 0 $aLa storia 500 $aContiene : Bibliografia. - Fondo Card.Giovanni Colombo. 600 04$aFederico II : di Svevia .$0(OLS)http://semarc/subject/12720 700 1 $aTheodoli, Luisa.$0(OLS)http://semarc/name/26982 830 3$aLa storia [Rusconi].$0(OLS)http://semarc/title/9248 850 $aSeMil 852 $aSeMil$W1$xVenegono$y1$m1O I 109$j110891$B110891$CSeMilBibl$Z2$F120545 $81 941 1 $a3 961 $aLascito: Colombo Card. Giovanni 996 $6245$aFederico 2. di Svevia$9(OLS)http://semarc/title/141257 996 $6260$aMilano :$bRusconi$9(OLS)http://semarc/publisher/30258 LEADER 00986nam a2200205 i 4500 001 000000080678 003 CaOOAMICUS 005 20170615000000.0 008 170615s1865 it u000 u ita u 013 $a52916 040 $aSeMil$bita 100 1 $aUccelli, Giovanni Battista.$0(OLS)http://semarc/name/91483 245 13$aIl convento di S. Giusto alle mura e i Gesuati :$baggiungonsi i capitoli della loro regola /$ctesto di lingua or per la prima volta messo in luce da Giovan Battista Uccelli. 260 $aFirenze :$bTipografia delle Murate,$c1865. 300 $a241 p. ;$c18 cm. 650 4$aGesuati - Storia.$0(OLS)http://semarc/subject/24659 850 $aSeMil 852 $aSeMil$W1$xVenegono$y1$m3P I 84 FA$j46093$B46093$CSeMilBibl$Z2$F48275 $8I 996 $6245$aIl convento di S. Giusto alle mura e i Gesuati :$baggiungonsi i capitoli della loro regola$9(OLS)http://semarc/title/404081 996 $6260$aFirenze :$bTipografia delle Murate$9(OLS)http://semarc/publisher/55093